[Event "GBR-ch Major 105th"]
[Site "Hull"]
[Date "2018.08.02"]
[Round "6"]
[White "Holton, Jake"]
[Black "Taylor, Adam A"]
[Result "0-1"]
[WhiteElo "1901"]
[BlackElo "2146"]
[PlyCount "84"]
[EventDate "2018.07.28"]
[EventType "swiss"]
[EventRounds "9"]
[EventCountry "ENG"]
[SourceTitle "CBM 185 Extra"]
[Source "ChessBase"]
[SourceDate "2018.07.29"]
[SourceVersion "1"]
[SourceVersionDate "2018.07.29"]
[SourceQuality "1"]

1. d4 Nf6 2. c4 e6 3. Nf3 Bb4+ 4. Bd2 Qe7 5. g3 Nc6 6. Nc3 0-0 7. Bg2 d5 8. cxd5 exd5 9. 0-0 Re8 10. e3 Bf5 11. Nh4 Bd3 12. Re1 Qd7 13. Qb3 Bc4 14. Qc2 Bf8 15. Bf1 Nb4 16. Qf5 Qxf5 17. Nxf5 Nc2 18. Bxc4 dxc4 19. Nb5 Rec8 20. Rac1 Nxe1 21. Bxe1 g6 22. Nh4 a6 23. Nc3 b5 24. Ne2 Rd8 25. b3 cxb3 26. axb3 Rac8 27. Ba5 Rd7 28. Nf3 c5 29. Ne5 Rb7 30. f3 Rbb8 31. Rd1 cxd4 32. Nxd4 Re8 33. Ndc6 Rbc8 34. Bd8 Nh5 35. g4 f6 36. Nd7 Rxc6 37. gxh5 Rxd8 38. Nxf6+ Rxf6 39. Rxd8 Rxf3 40. hxg6 hxg6 41. Ra8 Rxe3 42. Rxa6 Kf7 0-1

[Event "GBR-ch Major 105th"]
[Site "Hull"]
[Date "2018.07.29"]
[Round "2"]
[White "Verma, Shlok"]
[Black "Holton, Jake"]
[Result "0-1"]
[WhiteElo "1623"]
[BlackElo "1901"]
[PlyCount "76"]
[EventDate "2018.07.28"]
[EventType "swiss"]
[EventRounds "9"]
[EventCountry "ENG"]
[SourceTitle "CBM 185 Extra"]
[Source "ChessBase"]
[SourceDate "2018.07.29"]
[SourceVersion "1"]
[SourceVersionDate "2018.07.29"]
[SourceQuality "1"]

1. d4 Nf6 2. c4 e6 3. Nc3 Bb4 4. a3 Bxc3+ 5. bxc3 c5 6. Nf3 0-0 7. e3 b6 8. Bd3 Bb7 9. 0-0 d6 10. a4 Nbd7 11. Ba3 Ne4 12. Qc2 f5 13. Nd2 Nxd2 14. Qxd2 Qg5 15. f3 h5 16. Rad1 Nf6 17. Qf2 h4 18. Bc1 h3 19. g3 Qh5 20. Rde1 Bc6 21. Bc2 a5 22. Qe2 Qe8 23. Qd1 d5 24. Ba3 dxc4 25. dxc5 Rd8 26. Qa1 Rd2 27. Rf2 Rxf2 28. Kxf2 Bxf3 29. Kxf3 Qc6+ 30. Ke2 Qg2+ 31. Kd1 Rd8+ 32. Kc1 Qd2+ 33. Kb2 Ne4 34. Qc1 Qxc3+ 35. Ka2 Rd2 36. Bb2 Rxc2 37. Qb1 Qb3+ 38. Ka1 Nc3 0-1

[Event "Gibraltar U16 op"]
[Site "Caleta"]
[Date "2017.08.19"]
[Round "3"]
[White "Holton, Jake"]
[Black "Petersson, Baldur Teodor"]
[Result "1-0"]
[WhiteElo "1918"]
[BlackElo "2120"]
[PlyCount "59"]
[EventDate "2017.08.18"]
[EventType "swiss"]
[EventRounds "6"]
[EventCountry "GGB"]
[SourceTitle "CBM 180 Extra"]
[Source "ChessBase"]
[SourceDate "2017.10.06"]
[SourceVersion "1"]
[SourceVersionDate "2017.10.06"]
[SourceQuality "1"]

1. Nf3 Nf6 2. b3 d6 3. d4 g6 4. Bb2 Bg7 5. Nbd2 0-0 6. e4 c5 7. c4 Nfd7 8. Qc2 e5 9. d5 f5 10. Bd3 Nf6 11. a3 fxe4 12. Nxe4 Nxe4 13. Bxe4 Bf5 14. Bc1 h6 15. 0-0 Nd7 16. Rb1 Qf6 17. Be3 Bxe4 18. Qxe4 Qf5 19. Nd2 Nf6 20. Qf3 e4 21. Qf4 Rad8 22. Rfe1 Qh5 23. Qg3 Ng4 24. h3 Nxe3 25. fxe3 Bc3 26. Red1 Bxd2 27. Rxd2 Rf5 28. Rbb2 Rg5 29. Qf4 Qxh3 30. Qxg5 1-0

[Event "GBR-ch Major 104th"]
[Site "Llandudno"]
[Date "2017.08.03"]
[Round "6"]
[White "Holton, Jake"]
[Black "Burke, Mitchell R"]
[Result "1/2-1/2"]
[WhiteElo "1918"]
[BlackElo "2012"]
[PlyCount "64"]
[EventDate "2017.07.29"]
[EventType "swiss"]
[EventRounds "9"]
[EventCountry "WLS"]
[SourceTitle "CBM 179 Extra"]
[Source "ChessBase"]
[SourceDate "2017.08.23"]
[SourceVersion "1"]
[SourceVersionDate "2017.08.23"]
[SourceQuality "1"]

1. d4 Nf6 2. c4 g6 3. Nf3 Bg7 4. g3 0-0 5. Bg2 d6 6. 0-0 Nbd7 7. Nc3 e5 8. e4 exd4 9. Nxd4 Re8 10. h3 a6 11. Re1 Rb8 12. Rb1 Ne5 13. b3 c5 14. Nc2 Nc6 15. Bb2 Be6 16. Qd2 h5 17. Rbd1 Qc8 18. Kh2 Rd8 19. Qf4 Ne8 20. Ba1 b5 21. cxb5 axb5 22. Nd5 Bxa1 23. Nxa1 Bxd5 24. Rxd5 Nd4 25. e5 Ne6 26. Qh6 dxe5 27. Rdxe5 N8g7 28. Bd5 Rb6 29. Bxe6 Rxe6 30. Qc1 Rxe5 31. Rxe5 Ne6 32. Nc2 Qa8 1/2-1/2

[Event "GBR-ch Major 104th"]
[Site "Llandudno"]
[Date "2017.08.02"]
[Round "5"]
[White "Mulay, Partha"]
[Black "Holton, Jake"]
[Result "0-1"]
[WhiteElo "1815"]
[BlackElo "1918"]
[PlyCount "38"]
[EventDate "2017.07.29"]
[EventType "swiss"]
[EventRounds "9"]
[EventCountry "WLS"]
[SourceTitle "CBM 179 Extra"]
[Source "ChessBase"]
[SourceDate "2017.08.23"]
[SourceVersion "1"]
[SourceVersionDate "2017.08.23"]
[SourceQuality "1"]

1. e4 e6 2. d4 d5 3. exd5 exd5 4. c4 Nf6 5. Nc3 Bb4 6. Nf3 0-0 7. Bd3 Nc6 8. 0-0 Bg4 9. Be3 dxc4 10. Bxc4 Qd6 11. Be2 Rad8 12. a3 Ba5 13. Qa4 Rfe8 14. Ng5 Bxe2 15. Nxe2 Nd5 16. Ng3 Qg6 17. Nh3 Nxe3 18. Nf4 Qc2 19. Qxc2 Nxc2 0-1

[Event "EU-ch U16 26th"]
[Site "Prague"]
[Date "2016.08.18"]
[Round "1"]
[White "Hallman, Valo"]
[Black "Holton, Jake"]
[Result "1-0"]
[WhiteElo "2187"]
[BlackElo "1832"]
[PlyCount "63"]
[EventDate "2016.08.18"]
[EventType "swiss"]
[EventRounds "9"]
[EventCountry "CZE"]
[SourceTitle "CBM 174 Extra"]
[Source "ChessBase"]
[SourceDate "2016.10.10"]
[SourceVersion "1"]
[SourceVersionDate "2016.10.10"]
[SourceQuality "1"]

1. e4 e6 2. d4 d5 3. Nd2 c5 4. c3 Nc6 5. Ngf3 cxd4 6. cxd4 dxe4 7. Nxe4 Nf6 8. Bd3 Be7 9. 0-0 0-0 10. Nxf6+ Bxf6 11. Be3 Nb4 12. Be4 Nd5 13. Qd3 g6 14. Bh6 Re8 15. Rfd1 Qd6 16. Nd2 Bd7 17. Nc4 Qb8 18. Qf3 Bh8 19. Bxd5 exd5 20. Bf4 Qc8 21. Nd6 Bg4 22. Qxd5 Qd7 23. f3 Be6 24. Qxb7 Red8 25. Qxd7 Rxd7 26. d5 Bf5 27. Nxf5 gxf5 28. Rd2 Rc8 29. g3 Rc5 30. d6 Rb5 31. Rc1 Rxb2 32. Rc8+ 1-0

[Event "GBR-ch Major 103rd"]
[Site "Bournemouth"]
[Date "2016.08.04"]
[Round "10"]
[White "Gomez Anadon, Daniel"]
[Black "Holton, Jake"]
[Result "1-0"]
[WhiteElo "2238"]
[BlackElo "1839"]
[PlyCount "111"]
[EventDate "2016.07.25"]
[EventType "swiss"]
[EventRounds "11"]
[EventCountry "ENG"]
[SourceTitle "CBM 173 Extra"]
[Source "ChessBase"]
[SourceDate "2016.08.29"]
[SourceVersion "1"]
[SourceVersionDate "2016.08.29"]
[SourceQuality "1"]

1. Nf3 d5 2. g3 Nf6 3. c4 c6 4. b3 Bf5 5. Bb2 e6 6. d3 Be7 7. Bg2 Nbd7 8. Nh4 Bg6 9. Nxg6 hxg6 10. Nd2 a5 11. a3 Qb6 12. e3 0-0 13. 0-0 Rfd8 14. Qc2 Rac8 15. Rfc1 Ne8 16. Rab1 Qc7 17. f4 b5 18. Nf3 Bf6 19. Bxf6 gxf6 20. d4 Qb7 21. Qe2 Nd6 22. Nd2 f5 23. g4 Ne4 24. gxf5 exf5 25. Nxe4 fxe4 26. f5 Nf6 27. fxg6 fxg6 28. Bh3 Rc7 29. cxb5 cxb5 30. Rxc7 Qxc7 31. Qxb5 Qc3 32. Qe2 Rb8 33. Qf2 Kg7 34. Rf1 Rf8 35. Qg3 Nh5 36. Qe5+ Nf6 37. Qg5 Ng8 38. Rxf8 Kxf8 39. Qf4+ Kg7 40. Qe5+ Kf8 41. Qg3 Qxb3 42. Be6 Qd1+ 43. Kg2 Qe2+ 44. Qf2+ Qxf2+ 45. Kxf2 Nf6 46. h4 Ke7 47. Bc8 Kd6 48. Kg3 Ke7 49. Kf4 Kf7 50. Ke5 Ke7 51. Be6 Ne8 52. Bxd5 Nd6 53. Bxe4 Nc4+ 54. Kf4 Nxa3 55. Bd3 a4 56. Ke5 1-0

[Event "GBR-ch Major 103rd"]
[Site "Bournemouth"]
[Date "2016.08.01"]
[Round "7"]
[White "Holton, Jake"]
[Black "Guha, Chirag"]
[Result "1-0"]
[WhiteElo "1839"]
[BlackElo "1739"]
[PlyCount "159"]
[EventDate "2016.07.25"]
[EventType "swiss"]
[EventRounds "11"]
[EventCountry "ENG"]
[SourceTitle "CBM 173 Extra"]
[Source "ChessBase"]
[SourceDate "2016.08.29"]
[SourceVersion "1"]
[SourceVersionDate "2016.08.29"]
[SourceQuality "1"]

1. d4 d5 2. c4 e6 3. Nc3 Nf6 4. cxd5 exd5 5. Bg5 c6 6. Qc2 Be7 7. e3 0-0 8. Bd3 h6 9. Bh4 Nbd7 10. Nf3 b6 11. 0-0 Bb7 12. Rfd1 c5 13. Rac1 Ne4 14. Nxd5 Bxd5 15. Bxe4 Bxe4 16. Qxe4 Bxh4 17. Qxh4 Qxh4 18. Nxh4 cxd4 19. Rxd4 Nf6 20. g3 Rfd8 21. Nf3 Rdc8 22. Rdc4 Rxc4 23. Rxc4 Rd8 24. Nd4 Rd7 25. Rc8+ Kh7 26. Kf1 Nd5 27. Ke2 Nb4 28. a3 Nd5 29. f3 Nf6 30. Rc4 a6 31. Rc6 Rb7 32. e4 a5 33. Nb5 Nd7 34. Rc7 Rxc7 35. Nxc7 Ne5 36. b3 g5 37. a4 Nd7 38. Kd3 Nc5+ 39. Kc4 g4 40. fxg4 Nxe4 41. Nd5 Nd2+ 42. Kc3 Ne4+ 43. Kc2 Nf2 44. Nxb6 Nxg4 45. Nc4 Nxh2 46. Nxa5 Nf1 47. b4 Nxg3 48. b5 h5 49. b6 h4 50. b7 h3 51. b8Q h2 52. Qb7 h1Q 53. Qxh1+ Nxh1 54. Nc4 Ng3 55. a5 Nf5 56. Kd3 Ne7 57. a6 Nc6 58. Ke4 Kg7 59. Ne5 Na7 60. Kd5 Kf8 61. Kc5 Nc8 62. Kc6 Ke8 63. Kc7 Na7 64. Nc6 Nb5+ 65. Kb6 Nd6 66. Nd4 Kd7 67. Nf5 Nc8+ 68. Kb7 f6 69. Nd4 Kd8 70. Kb8 Kd7 71. Nb5 Nb6 72. a7 Kc6 73. Nd4+ Kc5 74. Kb7 f5 75. Nxf5 Kb5 76. Nd6+ Kc5 77. Nc8 Na8 78. Kxa8 Kc6 79. Kb8 Kd7 80. a8Q 1-0

[Event "GBR-ch Major 103rd"]
[Site "Bournemouth"]
[Date "2016.07.30"]
[Round "6"]
[White "Peters, Alexander John"]
[Black "Holton, Jake"]
[Result "1-0"]
[WhiteElo "1985"]
[BlackElo "1839"]
[PlyCount "53"]
[EventDate "2016.07.25"]
[EventType "swiss"]
[EventRounds "11"]
[EventCountry "ENG"]
[SourceTitle "CBM 173 Extra"]
[Source "ChessBase"]
[SourceDate "2016.08.29"]
[SourceVersion "1"]
[SourceVersionDate "2016.08.29"]
[SourceQuality "1"]

1. e4 e6 2. d4 d5 3. Nd2 c5 4. exd5 Qxd5 5. Ngf3 cxd4 6. Bc4 Qd6 7. 0-0 Nf6 8. Nb3 Nc6 9. Nbxd4 Nxd4 10. Nxd4 a6 11. c3 Qc7 12. Qe2 b5 13. Bd3 Be7 14. a4 b4 15. cxb4 Qb6 16. Be3 Qxb4 17. Nc6 Qd6 18. Rac1 Bb7 19. Nxe7 Qxe7 20. Bc5 Qd7 21. Rfd1 Qxa4 22. Rc4 Qb3 23. f3 Qb5 24. Qe5 Nd7 25. Qd6 Nxc5 26. Rxc5 Qd7 27. Bb5 1-0

[Event "BCF-chT3Sc 1516 (4NCL)"]
[Site "England"]
[Date "2016.04.30"]
[Round "9.68"]
[White "Holton, Jake"]
[Black "Page, Mark"]
[Result "0-1"]
[WhiteElo "1730"]
[BlackElo "2036"]
[PlyCount "72"]
[EventDate "2016.03.20"]
[EventType "team-swiss"]
[EventRounds "11"]
[EventCountry "ENG"]
[SourceTitle "EXT 2017"]
[Source "ChessBase"]
[SourceDate "2016.10.25"]
[SourceVersion "1"]
[SourceVersionDate "2016.10.25"]
[SourceQuality "1"]
[WhiteTeam "Midland Monarchs"]
[BlackTeam "Warwicks Select II"]
[WhiteTeamCountry "ENG"]
[BlackTeamCountry "ENG"]

1. d4 Nf6 2. c4 g6 3. Nf3 Bg7 4. g3 d6 5. Bg2 0-0 6. 0-0 Nbd7 7. Nc3 e5 8. e4 exd4 9. Nxd4 Re8 10. h3 a6 11. b3 Rb8 12. a4 c5 13. Nde2 Ne5 14. Ra2 Nc6 15. Rd2 Bf8 16. f4 Qa5 17. Bb2 Nb4 18. Nc1 b5 19. axb5 axb5 20. Rxd6 Bxd6 21. Qxd6 Qb6 22. Qxb6 Rxb6 23. e5 bxc4 24. exf6 cxb3 25. Rd1 Be6 26. Ne4 c4 27. Ng5 Bf5 28. Bf1 Rc6 29. Bg2 Rcc8 30. Bc3 h6 31. Nf3 Rcd8 32. Rf1 Nd5 33. Bd4 Ne3 34. Bxe3 b2 35. Ne2 Rxe3 36. Kf2 Rxe2+ 0-1

[Event "BCF-chT4 1516 (4NCL)"]
[Site "England"]
[Date "2016.01.17"]
[Round "4.36"]
[White "Holton, Jake"]
[Black "McCann, John"]
[Result "1/2-1/2"]
[WhiteElo "1862"]
[BlackElo "1777"]
[PlyCount "102"]
[EventDate "2015.11.14"]
[EventType "team-swiss"]
[EventRounds "11"]
[EventCountry "ENG"]
[SourceTitle "EXT 2017"]
[Source "ChessBase"]
[SourceDate "2016.10.25"]
[SourceVersion "1"]
[SourceVersionDate "2016.10.25"]
[SourceQuality "1"]
[WhiteTeam "Midland Monarchs II"]
[BlackTeam "Throw in the Tal II"]
[WhiteTeamCountry "ENG"]
[BlackTeamCountry "ENG"]

1. d4 d5 2. c4 e5 3. dxe5 d4 4. a3 Nc6 5. Nf3 Be6 6. e3 dxe3 7. Qxd8+ Rxd8 8. Bxe3 Nge7 9. Nbd2 Nf5 10. Bg5 Be7 11. Bxe7 Kxe7 12. 0-0-0 Nfd4 13. Nxd4 Rxd4 14. Nf3 Rxd1+ 15. Kxd1 Rd8+ 16. Kc1 Bf5 17. Be2 g5 18. Re1 Nd4 19. Nxd4 Rxd4 20. Bf1 Be6 21. b3 a6 22. Re3 c6 23. c5 a5 24. f3 g4 25. Be2 h5 26. Kb2 Bf5 27. Kc3 Rd5 28. b4 axb4+ 29. axb4 Rd8 30. f4 Ra8 31. Kb3 Be6+ 32. Bc4 Ra1 33. Bxe6 Kxe6 34. g3 Rd1 35. Kc2 Rh1 36. Re2 Ra1 37. Rd2 Rf1 38. Kd3 Kf5 39. Kd4 h4 40. Re2 Rf3 41. gxh4 Rxf4+ 42. Kc3 Rf3+ 43. Kd4 Rh3 44. Rf2+ Kg6 45. Rf6+ Kg7 46. Rf4 Rxh4 47. e6 fxe6 48. Ke5 Rxh2 49. Rxg4+ Kf7 50. Kd6 Rh7 51. Rf4+ Ke8 1/2-1/2

[Event "BCF-ch U14"]
[Site "Coventry"]
[Date "2015.08.07"]
[Round "7"]
[White "Holton, Jake"]
[Black "Cocks, Elliot"]
[Result "1-0"]
[WhiteElo "1581"]
[BlackElo "1780"]
[PlyCount "125"]
[EventDate "2015.08.02"]
[EventType "swiss"]
[EventRounds "7"]
[EventCountry "ENG"]
[SourceTitle "CBM 167 Extra"]
[Source "ChessBase"]
[SourceDate "2015.09.14"]
[SourceVersion "1"]
[SourceVersionDate "2015.09.14"]
[SourceQuality "1"]

1. Nf3 d5 2. c4 c6 3. b3 Bg4 4. Ne5 Bf5 5. Bb2 Nf6 6. d3 e6 7. Nd2 Bd6 8. Ndf3 Nbd7 9. Nxd7 Qxd7 10. a3 Qe7 11. g3 0-0 12. Bg2 h6 13. 0-0 a5 14. Nd2 Bh7 15. e4 dxe4 16. dxe4 e5 17. Qc2 Rfe8 18. Rfe1 Bc5 19. h3 Rad8 20. Bc3 Bd4 21. b4 Qd7 22. Nb3 Bxc3 23. Qxc3 axb4 24. axb4 b6 25. c5 b5 26. Ra6 Qc8 27. Ra2 Qe6 28. Qc2 Ra8 29. Na5 Rad8 30. Raa1 Rd4 31. Rad1 Red8 32. Nb7 Rxd1 33. Rxd1 Rxd1+ 34. Qxd1 Qd7 35. Qd6 Bg6 36. Na5 Qe8 37. Nxc6 Nxe4 38. Bxe4 Bxe4 39. Nxe5 Qa8 40. Qd4 f6 41. f3 Bxf3 42. Nxf3 Qxf3 43. Qf4 Qd1+ 44. Kg2 Qe2+ 45. Qf2 Qe4+ 46. Kh2 Qxb4 47. Qa2+ Kh8 48. Qc2 Qa5 49. c6 Qc7 50. Qc5 b4 51. Qb5 Qa7 52. Kg2 Qa2+ 53. Kf3 Qb3+ 54. Kf4 g5+ 55. Kf5 Qf3+ 56. Kg6 Qe4+ 57. Kxf6 Qd4+ 58. Qe5 Qxe5+ 59. Kxe5 b3 60. c7 b2 61. c8Q+ Kh7 62. Qb7+ Kg6 63. Qxb2 1-0

[Event "BCF-ch U14"]
[Site "Coventry"]
[Date "2015.08.03"]
[Round "3"]
[White "Holton, Jake"]
[Black "Varney, Daniel"]
[Result "1-0"]
[WhiteElo "1581"]
[BlackElo "1442"]
[PlyCount "58"]
[EventDate "2015.08.02"]
[EventType "swiss"]
[EventRounds "7"]
[EventCountry "ENG"]
[SourceTitle "CBM 167 Extra"]
[Source "ChessBase"]
[SourceDate "2015.09.14"]
[SourceVersion "1"]
[SourceVersionDate "2015.09.14"]
[SourceQuality "1"]

1. Nf3 Nf6 2. c4 g6 3. d4 Bg7 4. Nc3 d6 5. g3 Nfd7 6. Bg2 0-0 7. 0-0 e5 8. Be3 f5 9. Qd2 e4 10. Ne1 Nc6 11. Nc2 Nb6 12. b3 Ne7 13. d5 Nd7 14. Bd4 Ne5 15. f3 exf3 16. exf3 c5 17. Be3 Qa5 18. Nb5 Qd8 19. Rae1 a6 20. Nc3 Bd7 21. Bh6 b5 22. Bxg7 Kxg7 23. f4 Ng4 24. Re2 b4 25. Nd1 a5 26. Rfe1 Rf7 27. Nf2 Nxf2 28. Kxf2 a4 29. Ne3 Ng8 1-0

[Event "BCF-ch U14"]
[Site "Coventry"]
[Date "2015.08.02"]
[Round "1"]
[White "Holton, Jake"]
[Black "Turner, Max N"]
[Result "1/2-1/2"]
[WhiteElo "1581"]
[BlackElo "1870"]
[PlyCount "91"]
[EventDate "2015.08.02"]
[EventType "swiss"]
[EventRounds "7"]
[EventCountry "ENG"]
[SourceTitle "CBM 167 Extra"]
[Source "ChessBase"]
[SourceDate "2015.09.14"]
[SourceVersion "1"]
[SourceVersionDate "2015.09.14"]
[SourceQuality "1"]

1. Nf3 d5 2. c4 d4 3. g3 Nf6 4. Bg2 Nc6 5. 0-0 e6 6. e3 dxe3 7. dxe3 Qxd1 8. Rxd1 Bd7 9. Nc3 0-0-0 10. b3 h6 11. Bb2 Bb4 12. Nb5 a6 13. Nbd4 Nxd4 14. Bxd4 c5 15. Bb2 Bc6 16. Ne5 Bxg2 17. Kxg2 Rhf8 18. Rxd8+ Kxd8 19. Nd3 Ke7 20. a3 Rd8 21. Nxb4 cxb4 22. axb4 Rd3 23. Rb1 g6 24. Bd4 Ne4 25. Rb2 f6 26. Kf3 Nc3 27. Bxc3 Rxc3 28. Ke2 Rc1 29. Kd2 Rf1 30. Kd3 g5 31. f4 Rd1+ 32. Rd2 Rb1 33. Kc3 g4 34. c5 Rh1 35. b5 axb5 36. Kb4 Rb1 37. e4 h5 38. Re2 Kd7 39. e5 f5 40. Rd2+ Kc7 41. h4 Rf1 42. Kc3 Rf3+ 43. Rd3 Rxd3+ 44. Kxd3 Kd7 45. Kc3 Kc7 46. Kd3 1/2-1/2

[Event "BCF-ch U15"]
[Site "Coventry"]
[Date "2015.07.31"]
[Round "6"]
[White "Ragavan, Soumiya"]
[Black "Holton, Jake"]
[Result "0-1"]
[WhiteElo "1389"]
[BlackElo "1581"]
[PlyCount "108"]
[EventDate "2015.07.27"]
[EventType "swiss"]
[EventRounds "7"]
[EventCountry "ENG"]
[SourceTitle "CBM 167 Extra"]
[Source "ChessBase"]
[SourceDate "2015.09.14"]
[SourceVersion "1"]
[SourceVersionDate "2015.09.14"]
[SourceQuality "1"]

1. c4 Nf6 2. Nc3 d5 3. cxd5 Nxd5 4. d4 Nxc3 5. bxc3 Bf5 6. Nf3 c5 7. e3 e6 8. Ba3 Qa5 9. Qb3 Be4 10. Qb5+ Nc6 11. Qxa5 Nxa5 12. Bb5+ Nc6 13. Be2 Rc8 14. 0-0 cxd4 15. Bxf8 d3 16. Bd1 Rxf8 17. Ba4 Ke7 18. Nd2 Bg6 19. e4 Ne5 20. Rab1 b6 21. Rfc1 Rc7 22. Bb5 Nd7 23. f3 Nc5 24. Kf2 a6 25. Bc4 b5 26. Bb3 Rfc8 27. Ke3 f6 28. c4 b4 29. Bd1 a5 30. Nb3 Nxb3 31. axb3 Rd8 32. Ra1 Ra7 33. g4 Be8 34. h4 Rd6 35. f4 e5 36. f5 Bc6 37. Bf3 a4 38. Rd1 Ra8 39. Rxd3 Rxd3+ 40. Kxd3 axb3 41. Rxa8 Bxa8 42. Kd2 Kd6 43. Kd3 Kc5 44. Be2 Bb7 45. Bd1 b2 46. Bc2 Ba6 47. Bb1 Bxc4+ 48. Kc2 Kd4 49. Kxb2 Bd3 50. Ba2 Bxe4 51. Kb3 Bd5+ 52. Kb2 Bxa2 53. Kxa2 Kc3 54. Kb1 e4 0-1

[Event "BCF-ch U15"]
[Site "Coventry"]
[Date "2015.07.29"]
[Round "4"]
[White "Holton, Jake"]
[Black "Mulay, Partha"]
[Result "0-1"]
[WhiteElo "1581"]
[BlackElo "1760"]
[PlyCount "124"]
[EventDate "2015.07.27"]
[EventType "swiss"]
[EventRounds "7"]
[EventCountry "ENG"]
[SourceTitle "CBM 167 Extra"]
[Source "ChessBase"]
[SourceDate "2015.09.14"]
[SourceVersion "1"]
[SourceVersionDate "2015.09.14"]
[SourceQuality "1"]

1. Nf3 Nf6 2. c4 g6 3. d4 Bg7 4. g3 0-0 5. Bg2 d6 6. 0-0 Nbd7 7. Nc3 e5 8. e4 exd4 9. Nxd4 Re8 10. Re1 a6 11. h3 Rb8 12. Rb1 c5 13. Nc2 Ne5 14. Ne3 b5 15. Qe2 Be6 16. cxb5 axb5 17. Nxb5 c4 18. Nd4 Qc7 19. Nxe6 fxe6 20. Qc2 Rec8 21. Bd2 Nd3 22. Red1 Ra8 23. b3 c3 24. Qxd3 Rxa2 25. Bxc3 Qxc3 26. Qxc3 Rxc3 27. Rxd6 Nh5 28. Ng4 Rcc2 29. Bf1 Nf6 30. Nxf6+ Bxf6 31. f4 Be7 32. Rbd1 Bxd6 33. Rxd6 Rc1 34. Rd3 Kf7 35. Rf3 Kf6 36. Rf2 Ra3 37. Rb2 Raa1 38. Rf2 Rc3 39. Kg2 Rxb3 40. g4 Raa3 41. Kh2 Rf3 42. Kg2 Rxh3 43. g5+ Ke7 44. Kg1 Rhc3 45. f5 Rg3+ 46. Kh2 gxf5 47. exf5 exf5 48. Rxf5 Rgc3 49. Rf6 Rf3 50. Rh6 Rxf1 51. Rxh7+ Rf7 52. Rh6 Rf2+ 53. Kg1 Rb2 54. Rh7+ Ke6 55. Rh6+ Kf5 56. Rf6+ Kxg5 57. Rf1 Raa2 58. Rc1 Rg2+ 59. Kh1 Rh2+ 60. Kg1 Rag2+ 61. Kf1 Rh1+ 62. Kxg2 Rxc1 0-1

[Event "BCF-ch U15"]
[Site "Coventry"]
[Date "2015.07.27"]
[Round "1"]
[White "Holton, Jake"]
[Black "Haridas, Girinath"]
[Result "1-0"]
[WhiteElo "1581"]
[BlackElo "1960"]
[PlyCount "69"]
[EventDate "2015.07.27"]
[EventType "swiss"]
[EventRounds "7"]
[EventCountry "ENG"]
[SourceTitle "CBM 167 Extra"]
[Source "ChessBase"]
[SourceDate "2015.09.14"]
[SourceVersion "1"]
[SourceVersionDate "2015.09.14"]
[SourceQuality "1"]

1. d4 Nf6 2. c4 g6 3. Nc3 Bg7 4. Nf3 0-0 5. g3 d6 6. Bg2 Nc6 7. 0-0 a6 8. Qd3 Nd7 9. Be3 Rb8 10. Qd2 Na5 11. b3 c5 12. Rad1 Nc6 13. dxc5 Nxc5 14. Nd4 Bd7 15. Nxc6 Bxc6 16. Bxc6 bxc6 17. Bxc5 dxc5 18. Qxd8 Rfxd8 19. Ne4 a5 20. Nxc5 Rd6 21. Rxd6 exd6 22. Ne4 Re8 23. Nxd6 Rxe2 24. Rd1 Rxa2 25. Nb7 Rb2 26. Rd8+ Bf8 27. Nxa5 c5 28. Nb7 Kg7 29. Rc8 Rxb3 30. Nxc5 Rc3 31. Nd7 Bb4 32. c5 Rc2 33. Kf1 Bc3 34. c6 Ba5 35. c7 1-0